zpět

Detail výsledku týmu

Spirit Bar - Žižkov, Praha

Datum a čas kvízu

29.5 Celkem bodů Celkový počet nahraných bodů na tomto kvízu bez doplňovacích otázek.
9. Pořadí na kvízu Konečné umístění týmu na tomto kvízu.

Zaznamenané odpovědi

# Otázka Odpověď Body Výsledky
1. Společnost Lidl oznámila, že s... Na Příkopě 0
2. Válkou postižené Ukrajině přic... Starlink 0
3. Jak zní název nového krimináln... Šéfka 1
4. V pondělí představila společno... příchuť vesmíru 1
5. Po útoku na Ukrajinu odstoupil... Helsinky, Riga 0.5
6. Začneme sarajevským atentátem... V 50 letech. (Uznáváme 48–52 let.) 0
7. Na Adolfa Hitlera bylo spáchán... Stauffenberg 1
8. Mehmet Ali Ağca [ádža] je ture... D 0
9. Jak se jmenoval jediný novodob... Alois Rašín 0
10. Poslední bod tohoto tématu roz... Bénazír Bhuttová, Pákistán 0